Sports Quiz

Random Sports or Hockey Quiz
Score 0/20 Timer 10:00
0 Plays Today
Position Answer % Correct
CWilliam Karlsson
97.1%
GMarc-Andre Fleury
97.1%
GMalcolm Subban
95.7%
CJonathan Marchessault
94.2%
LWMax Pacioretty
92.8%
RWReilly Smith
89.9%
RWMark Stone
89.9%
CPaul Stastny
87%
RWAlex Tuch
87%
DShea Theodore
84.1%
Position Answer % Correct
DNate Schmidt
79.7%
DDeryk Engelland
79.7%
DColin Miller
78.3%
LWDavid Perron
75.4%
LWErik Haula
69.6%
CCody Eakin
60.9%
LWJames Neal
59.4%
DBrayden McNabb
52.2%
RWRyan Reaves
49.3%
DBrad Hunt
20.3%
Remove Ads.
Support Sporcle.
Get the best of Sporcle when you Go Orange. This ad-free experience offers more features, more stats, and more fun while also helping to support Sporcle. Thank you for becoming a member.

You're not logged in!

Compare scores with friends on all Sporcle quizzes.
OR
Log In

Show Comments

Extras

Created Sep 27, 2019ReportNominate
Tags:Hockey Quiz, NHL Quiz

Top Quizzes Today


Score Distribution

Your Account Isn't Verified!

In order to create a playlist on Sporcle, you need to verify the email address you used during registration. Go to your Sporcle Settings to finish the process.

Report this User

Report this user for behavior that violates our Community Guidelines.

Details: